| 000 | 00610nam a22001937a 4500 | ||
|---|---|---|---|
| 005 | 20151204112028.0 | ||
| 010 | _aENG-114256 | ||
| 020 |
_a9789381714492 _c695.00 |
||
| 035 | _aEN-97788 | ||
| 037 | _bDBAD/PUB | ||
| 082 | _a660.6 | ||
| 245 |
_aEssentials of biotechnology / _cedited by Michael Crichton |
||
| 260 |
_aNew Delhi _bScientific International _c2014 |
||
| 270 |
_a4850/24, Ansari Road, Daryaganj _bNew Delhi _e110002 |
||
| 300 |
_axxv,545p. _c25cm(pbk) |
||
| 500 | _aIncludes bibliographical references and index | ||
| 700 | _aCrichton, Michael | ||
| 942 |
_2ddc _cEN _mESS _h660.6 |
||
| 999 |
_c97719 _d97719 |
||